000 00355nam a2200157Ia 4500
001 11028
005 20250626030824.0
008 211022s9999 xx 000 0 und d
082 _a746.92 CAB
100 _aCabrera, Alfredo
245 0 _a101 things I learned in fashion school
260 _aNew York
260 _c2010
300 _a202
942 _cBK
999 _c12572
_d12572